[Event "Hradec Kralove op 13th"]
[Site "Hradec Kralove"]
[Date "2023.11.07"]
[Round "4"]
[White "Flasar, Jaroslav"]
[Black "Syzdyk, Samir"]
[Result "1/2-1/2"]
[WhiteElo "2048"]
[BlackElo "1639"]
[PlyCount "103"]
[EventDate "2023.11.04"]
[EventType "swiss"]
[EventRounds "9"]
[EventCountry "CZE"]
[SourceTitle "CB46_2023"]
[SourceDate "2023.11.15"]
[SourceVersion "1"]
[SourceVersionDate "2023.11.15"]
[SourceQuality "1"]

1. e4 c5 2. Nf3 Nc6 3. d4 cxd4 4. Nxd4 Nf6 5. Nc3 e5 6. Ndb5 d6 7. Bg5 a6 8. Na3 b5 9. Nd5 Be7 10. Bxf6 Bxf6 11. c3 Bg5 12. Nc2 0-0 13. h4 Bh6 14. g4 g6 15. Nce3 f6 16. h5 Kg7 17. Qf3 Be6 18. Qg3 Bxd5 19. Nxd5 Ne7 20. hxg6 hxg6 21. Qh4 Ng8 22. Bd3 Rf7 23. Ke2 Kf8 24. Raf1 Raa7 25. Qg3 Rh7 26. Nb4 Qc8 27. f3 Bg5 28. Qf2 Nh6 29. Rd1 Qc5 30. Nd5 Rab7 31. Qxc5 dxc5 32. Bc2 Rhd7 33. Nxf6 Bxf6 34. Rxh6 Rxd1 35. Bxd1 Kg7 36. Rh1 Bg5 37. Bc2 Rd7 38. Rd1 Rxd1 39. Bxd1 Bc1 40. b3 Kf6 41. Kd3 Ke6 42. Kc2 Bg5 43. a4 Kd6 44. Be2 Kc6 45. Kd3 Kb6 46. Bf1 Be7 47. f4 Bd6 48. f5 g5 49. Kc2 Be7 50. Kb2 Bf6 51. Ka3 Be7 52. axb5 1/2-1/2

[Event "Hradec Kralove op 13th"]
[Site "Hradec Kralove"]
[Date "2023.11.05"]
[Round "2"]
[White "Flasar, Jaroslav"]
[Black "Portych, Vaclav"]
[Result "1-0"]
[WhiteElo "2048"]
[BlackElo "1726"]
[PlyCount "99"]
[EventDate "2023.11.04"]
[EventType "swiss"]
[EventRounds "9"]
[EventCountry "CZE"]
[SourceTitle "CB46_2023"]
[SourceDate "2023.11.15"]
[SourceVersion "1"]
[SourceVersionDate "2023.11.15"]
[SourceQuality "1"]

1. e4 c5 2. Nf3 d6 3. d4 cxd4 4. Nxd4 Nf6 5. Nc3 a6 6. Bd3 e5 7. Nb3 Be6 8. 0-0 Be7 9. f4 0-0 10. f5 Bxb3 11. axb3 h6 12. Be3 Nc6 13. Nd5 Nxd5 14. exd5 Nd4 15. c3 Nb5 16. Qg4 Bg5 17. Bf2 Nc7 18. c4 Ne8 19. Qe4 Nf6 20. Qe2 Nh7 21. b4 Re8 22. Bc2 Rc8 23. Bb3 Bh4 24. g3 Be7 25. h4 Kh8 26. Rac1 Nf6 27. c5 Qd7 28. Be3 dxc5 29. bxc5 Ne4 30. c6 bxc6 31. dxc6 Qc7 32. Qg4 Nf6 33. Qc4 e4 34. Bf4 Qb6+ 35. Kg2 Nh5 36. Qxf7 Nxf4+ 37. Rxf4 Rf8 38. Qxe7 Qxb3 39. Qxe4 Qxb2+ 40. Rc2 Qf6 41. c7 Qd6 42. Qe6 Qd3 43. Rff2 Rfe8 44. Qc6 Re3 45. Qg6 Qe4+ 46. Kh2 Re1 47. Rg2 Rf1 48. Rce2 Qb1 49. Re8+ Rxe8 50. Qxe8+ 1-0

[Event "Hradec Kralove op 13th"]
[Site "Hradec Kralove"]
[Date "2023.11.04"]
[Round "1"]
[White "Simon, Petr"]
[Black "Flasar, Jaroslav"]
[Result "0-1"]
[WhiteElo "1550"]
[BlackElo "2048"]
[PlyCount "66"]
[EventDate "2023.11.04"]
[EventType "swiss"]
[EventRounds "9"]
[EventCountry "CZE"]
[SourceTitle "CB46_2023"]
[SourceDate "2023.11.15"]
[SourceVersion "1"]
[SourceVersionDate "2023.11.15"]
[SourceQuality "1"]

1. e4 c5 2. Nc3 e6 3. Nf3 a6 4. d4 cxd4 5. Nxd4 Nc6 6. Be3 Nf6 7. Be2 Bb4 8. f3 d5 9. Nxc6 bxc6 10. e5 Nd7 11. f4 Bb7 12. a3 Be7 13. 0-0 0-0 14. Bg4 c5 15. Bf2 Rb8 16. Qe2 a5 17. Nd1 Qb6 18. Rb1 g6 19. Re1 d4 20. c3 Ba6 21. Qe4 d3 22. c4 Qb3 23. Nc3 Qxc4 24. Qxc4 Bxc4 25. Ne4 Rfc8 26. Red1 Bb3 27. Rxd3 Bc2 28. Rxd7 Bxb1 29. Nf6+ Bxf6 30. exf6 h5 31. Bf3 Rxb2 32. g4 hxg4 33. Bxg4 Bf5 0-1

[Event "Hradec Kralove Region-chT 2223"]
[Site "Czech Republic"]
[Date "2022.12.11"]
[Round "5.1"]
[White "Flasar, Jaroslav"]
[Black "Cibulka, Josef"]
[Result "1-0"]
[WhiteElo "2041"]
[BlackElo "2002"]
[PlyCount "69"]
[EventDate "2022.10.09"]
[EventType "team-tourn"]
[EventRounds "11"]
[EventCountry "CZE"]
[SourceTitle "EXT 2024"]
[Source "ChessBase"]
[SourceDate "2023.10.10"]
[SourceVersion "1"]
[SourceVersionDate "2023.10.10"]
[SourceQuality "1"]

1. d4 Nf6 2. c4 g6 3. Nc3 Bg7 4. e4 d6 5. h3 0-0 6. Be3 Nbd7 7. Nge2 e5 8. d5 Nc5 9. Qc2 a5 10. g4 h5 11. Ng3 hxg4 12. Qd2 Re8 13. Bh6 Bh8 14. Bg5 gxh3 15. Bxh3 Bxh3 16. Rxh3 Qe7 17. 0-0-0 Bg7 18. Rdh1 Qf8 19. f3 Nh5 20. Nxh5 gxh5 21. Rxh5 f6 22. Bh6 Nd7 23. Qh2 Re7 24. Bxg7 Rxg7 25. Rh8+ Kf7 26. Rxf8+ Rxf8 27. Rg1 Rxg1+ 28. Qxg1 Ke7 29. Qg4 Kd8 30. a3 Nc5 31. Kc2 Nd7 32. b4 axb4 33. axb4 b6 34. Nb5 Re8 35. Na7 1-0

[Event "CZE-chT2C 1819"]
[Site "Czech Republic"]
[Date "2019.03.17"]
[Round "10.7"]
[White "Flasar, Jaroslav"]
[Black "Kourek, Josef"]
[Result "1/2-1/2"]
[WhiteElo "2050"]
[BlackElo "2095"]
[PlyCount "36"]
[EventDate "2018.10.14"]
[EventType "team-tourn"]
[EventRounds "11"]
[EventCountry "CZE"]
[SourceTitle "EXT 2022"]
[Source "ChessBase"]
[SourceDate "2021.10.06"]
[SourceVersion "1"]
[SourceVersionDate "2021.10.06"]
[SourceQuality "1"]
[WhiteTeam "Hradec Kralove II"]
[BlackTeam "Lipa"]
[WhiteTeamCountry "CZE"]
[BlackTeamCountry "CZE"]

1. e4 c5 2. Nf3 d6 3. d4 cxd4 4. Nxd4 Nf6 5. Nc3 g6 6. Be2 Bg7 7. Be3 Nc6 8. f3 0-0 9. Qd2 Nxd4 10. Bxd4 Be6 11. g4 Qa5 12. h4 Rfc8 13. h5 Bc4 14. hxg6 hxg6 15. g5 Nh5 16. Bxg7 Kxg7 17. Bxc4 Rxc4 18. Nd5 Qxd2+ 1/2-1/2

[Event "CZE-chT2B 1617"]
[Site "Czech Republic"]
[Date "2017.01.29"]
[Round "7.4"]
[White "Jascenko, Olga"]
[Black "Flasar, Jaroslav"]
[Result "0-1"]
[WhiteElo "2144"]
[BlackElo "2086"]
[PlyCount "78"]
[EventDate "2016.10.09"]
[EventType "team-tourn"]
[EventRounds "11"]
[EventCountry "CZE"]
[SourceTitle "EXT 2022"]
[Source "ChessBase"]
[SourceDate "2021.10.06"]
[SourceVersion "1"]
[SourceVersionDate "2021.10.06"]
[SourceQuality "1"]
[WhiteTeam "Bartos Unichess II"]
[BlackTeam "Horice"]
[WhiteTeamCountry "CZE"]
[BlackTeamCountry "CZE"]

1. d4 Nf6 2. c4 g6 3. Nc3 Bg7 4. e4 d6 5. Bd3 0-0 6. Nge2 c5 7. d5 e5 8. h3 a6 9. a4 Ne8 10. 0-0 f5 11. exf5 Bxf5 12. Bxf5 gxf5 13. f4 e4 14. Qb3 b6 15. Nd1 Nd7 16. Kh2 Rb8 17. Ne3 Bd4 18. Nxd4 cxd4 19. Nc2 Qf6 20. Qg3+ Kf7 21. Rd1 d3 22. Ne3 Rg8 23. Qf2 Nc5 24. Bd2 Qg6 25. Bc3 a5 26. b4 axb4 27. Bxb4 Ng7 28. Rdb1 Qf6 29. Ra3 Nh5 30. Bc3 Qg6 31. Qh4 d2 32. Bxd2 Nd3 33. Rf1 Ng3 34. Rg1 Ne2 35. Rf1 Ng3 36. Rb1 Ne2 37. a5 Ndxf4 38. Rf1 Nxg2 39. Qxe4 Qg3+ 0-1

[Event "CZE-chT2B 1516"]
[Site "Czech Republic"]
[Date "2015.10.18"]
[Round "1.7"]
[White "Flasar, Jaroslav"]
[Black "Stolc, Martin"]
[Result "1/2-1/2"]
[WhiteElo "2057"]
[BlackElo "2039"]
[PlyCount "73"]
[EventDate "2015.10.18"]
[EventType "team-tourn"]
[EventRounds "11"]
[EventCountry "CZE"]
[SourceTitle "EXT 2022"]
[Source "ChessBase"]
[SourceDate "2021.10.06"]
[SourceVersion "1"]
[SourceVersionDate "2021.10.06"]
[SourceQuality "1"]
[WhiteTeam "Jicin III"]
[BlackTeam "Jicin II"]
[WhiteTeamCountry "CZE"]
[BlackTeamCountry "CZE"]

1. Nf3 c5 2. c4 b6 3. Nc3 Bb7 4. e4 Nc6 5. g3 e6 6. Bg2 Rc8 7. d3 Nf6 8. 0-0 Bd6 9. Re1 Ne5 10. Nxe5 Bxe5 11. f4 Bd4+ 12. Be3 Bxc3 13. bxc3 Qc7 14. f5 e5 15. Rc1 h6 16. d4 d6 17. d5 Rb8 18. Rb1 Ke7 19. h4 Qd7 20. Qb3 Ba6 21. a4 Kd8 22. Bf3 Kc7 23. Qa2 Rhg8 24. Bf2 g6 25. fxg6 fxg6 26. a5 b5 27. cxb5 Rxb5 28. Rxb5 Bxb5 29. a6 Rb8 30. c4 Ba4 31. Rb1 Rxb1+ 32. Qxb1 Qc8 33. Qc1 Ng8 34. Qa3 Qxa6 35. Bd1 Bb5 36. Qf3 Bd7 37. Be2 1/2-1/2

[Event "Hradec Kralove op"]
[Site "Hradec Kralove"]
[Date "2015.10.08"]
[Round "6"]
[White "Flasar, Jaroslav"]
[Black "Kozusek, Daniel"]
[Result "0-1"]
[WhiteElo "2075"]
[BlackElo "2279"]
[PlyCount "84"]
[EventDate "2015.10.04"]
[EventType "swiss"]
[EventRounds "9"]
[EventCountry "CZE"]
[SourceTitle "CBM 168 Extra"]
[Source "ChessBase"]
[SourceDate "2015.10.29"]
[SourceVersion "1"]
[SourceVersionDate "2015.10.29"]
[SourceQuality "1"]

1. e4 c5 2. Nf3 d6 3. d4 cxd4 4. Nxd4 Nf6 5. Nc3 a6 6. Bd3 e5 7. Nb3 Be7 8. 0-0 0-0 9. f4 b5 10. Kh1 Bb7 11. a3 Nbd7 12. Be3 exf4 13. Bxf4 Re8 14. Re1 Bf8 15. Bg5 Qb6 16. Be3 Qc7 17. Bd4 Ne5 18. Rc1 g6 19. Nd2 Bg7 20. a4 b4 21. Na2 Qa5 22. Bxe5 Qxe5 23. Nxb4 Qxb2 24. c3 Ng4 25. Re2 a5 26. Rc2 Qa3 27. Nc4 Qb3 28. Nxd6 Re7 29. Bc4 Qxa4 30. Bb5 Qa3 31. Ra2 Qxc3 32. Nxb7 Qxb4 33. Bc6 Rxb7 34. Bxb7 Qxb7 35. h3 Ne5 36. Rab2 Qe7 37. Ra2 h5 38. Qa4 Qa7 39. Reb2 Rc8 40. Kh2 Qc7 41. g3 Nf3+ 42. Kg2 Bxb2 0-1

[Event "Hradec Kralove op"]
[Site "Hradec Kralove"]
[Date "2015.10.05"]
[Round "2"]
[White "Flasar, Jaroslav"]
[Black "Pribylova, Sofie"]
[Result "1-0"]
[WhiteElo "2075"]
[BlackElo "1841"]
[PlyCount "55"]
[EventDate "2015.10.04"]
[EventType "swiss"]
[EventRounds "9"]
[EventCountry "CZE"]
[SourceTitle "CBM 168 Extra"]
[Source "ChessBase"]
[SourceDate "2015.10.29"]
[SourceVersion "1"]
[SourceVersionDate "2015.10.29"]
[SourceQuality "1"]

1. e4 c5 2. Nf3 d6 3. d4 cxd4 4. Nxd4 Nf6 5. Nc3 a6 6. a4 b6 7. Bd3 g6 8. 0-0 Bg7 9. Kh1 0-0 10. f4 Qc7 11. Nf3 Nbd7 12. Qe2 Bb7 13. Bd2 Nc5 14. b4 Nxd3 15. cxd3 Rac8 16. Rac1 Qd7 17. d4 Rc7 18. e5 Ng4 19. Ng5 Nh6 20. e6 Qc8 21. exf7+ Rxf7 22. Nxf7 Kxf7 23. Ne4 Rxc1 24. Rxc1 Qf5 25. Ng5+ Ke8 26. Rc7 Qb1+ 27. Be1 Bxg2+ 28. Kxg2 1-0

[Event "CZE-chT2D 1415"]
[Site "Czech Republic"]
[Date "2015.03.29"]
[Round "10.6"]
[White "Flasar, Jaroslav"]
[Black "Kubicek, Antonin"]
[Result "1/2-1/2"]
[WhiteElo "2013"]
[BlackElo "2192"]
[PlyCount "121"]
[EventDate "2014.11.02"]
[EventType "team-tourn"]
[EventRounds "11"]
[EventCountry "CZE"]
[SourceTitle "EXT 2022"]
[Source "ChessBase"]
[SourceDate "2021.10.06"]
[SourceVersion "1"]
[SourceVersionDate "2021.10.06"]
[SourceQuality "1"]
[WhiteTeam "Jicin II"]
[BlackTeam "Velke Losiny"]
[WhiteTeamCountry "CZE"]
[BlackTeamCountry "CZE"]

1. e4 g6 2. d4 Bg7 3. c3 Nf6 4. Bd3 d6 5. Ne2 e5 6. 0-0 0-0 7. b4 c6 8. a4 Re8 9. Nd2 Nbd7 10. Qb3 d5 11. f3 a5 12. Bb2 Qb6 13. exd5 cxd5 14. Bb5 Rd8 15. Kh1 exd4 16. Nxd4 Ne5 17. Rfe1 Nh5 18. Qc2 Qf6 19. bxa5 Nf4 20. N2b3 Nc4 21. Ba3 Nxa3 22. Rxa3 Bf8 23. Raa1 Bd6 24. Qf2 Ne6 25. a6 Nc5 26. axb7 Bxb7 27. Nxc5 Bxc5 28. Qd2 Bb6 29. Qd3 h5 30. Nb3 Rac8 31. Rac1 Bf2 32. Re2 Qh4 33. Nd2 d4 34. c4 Be3 35. Ra1 Bf4 36. Nf1 g5 37. Kg1 g4 38. g3 Qh3 39. gxf4 gxf3 40. Rf2 Qg4+ 41. Kh1 Qxf4 42. Qd2 Qf6 43. Ng3 Rc5 44. Rg1 Kh8 45. Qd3 Rg8 46. Rd1 Re5 47. Nxh5 Rxh5 48. Qxd4 Re5 49. Rdf1 Rg2 50. c5 Rxf2 51. Qxf2 Rxc5 52. h3 Re5 53. Qg3 Be4 54. Kh2 Rd5 55. Rf2 Rh5 56. Bd7 Qe5 57. Bg4 Qxg3+ 58. Kxg3 Ra5 59. Ra2 Bc6 60. Bxf3 Rxa4 61. Rxa4 1/2-1/2

[Event "CZE-chT rap"]
[Site "Pardubice"]
[Date "2014.07.10"]
[Round "1.3"]
[White "Flasar, Jaroslav"]
[Black "Jaracz, Pawel"]
[Result "0-1"]
[WhiteElo "2021"]
[BlackElo "2497"]
[PlyCount "70"]
[EventDate "2014.07.10"]
[EventType "team-swiss"]
[EventRounds "7"]
[EventCountry "CZE"]
[SourceTitle "CBM 161 Extra"]
[Source "ChessBase"]
[SourceDate "2014.08.29"]
[SourceVersion "1"]
[SourceVersionDate "2014.08.29"]
[SourceQuality "1"]

1. e4 c5 2. Nf3 e6 3. d4 cxd4 4. Nxd4 Nc6 5. Nc3 Qc7 6. Be3 a6 7. Bd3 Nf6 8. 0-0 Nxd4 9. Bxd4 Bc5 10. Bxc5 Qxc5 11. Qf3 d6 12. Rad1 0-0 13. Rfe1 e5 14. h3 Be6 15. a3 b5 16. g4 b4 17. axb4 Qxb4 18. Rb1 a5 19. Nd5 Bxd5 20. exd5 Rae8 21. c3 Qc5 22. Rbd1 Re7 23. g5 Nd7 24. c4 f5 25. gxf6 Rxf6 26. Qe3 Ref7 27. Rd2 Qb4 28. Red1 Nc5 29. Kg2 Rf4 30. Bf1 Ne4 31. Re2 Nxf2 32. Rde1 Ne4 33. Kg1 g6 34. Bg2 Nc5 35. Rf1 Qxc4 0-1

[Event "Hradec Kralove op"]
[Site "Hradec Kralove"]
[Date "2013.05.19"]
[Round "6"]
[White "Flasar, Jaroslav"]
[Black "Vavra, Pavel"]
[Result "1-0"]
[WhiteElo "1989"]
[BlackElo "2087"]
[PlyCount "105"]
[EventDate "2013.05.15"]
[EventType "swiss"]
[EventRounds "9"]
[EventCountry "CZE"]
[SourceTitle "CBM 154 Extra"]
[Source "ChessBase"]
[SourceDate "2013.06.25"]
[SourceVersion "2"]
[SourceVersionDate "2013.06.25"]
[SourceQuality "1"]

1. e4 c5 2. Nf3 e6 3. d4 cxd4 4. Nxd4 a6 5. Nc3 Qc7 6. Bd3 b5 7. a3 Bb7 8. 0-0 Nc6 9. Be3 Nf6 10. Kh1 Be7 11. f4 d6 12. Rf3 Nxd4 13. Bxd4 e5 14. Be3 Ng4 15. Bg1 exf4 16. Rxf4 Ne5 17. Bd4 0-0 18. Qe1 Rae8 19. Qg3 Bd8 20. Raf1 Re6 21. Nd5 Bxd5 22. exd5 Ree8 23. h4 g6 24. Be4 Qe7 25. b3 Nd7 26. Rg4 Ne5 27. Rgf4 Nd7 28. Bf5 Ne5 29. c3 Kh8 30. Bc8 a5 31. Ba6 Qd7 32. c4 bxc4 33. bxc4 Re7 34. Rf6 Kg8 35. c5 dxc5 36. Bxe5 Qxd5 37. Bd6 Re4 38. Bxf8 Bxf6 39. Rxf6 Kxf8 40. Kh2 Qd4 41. Qd6+ Qxd6+ 42. Rxd6 Rxh4+ 43. Kg3 Ra4 44. Rd3 Ke7 45. Bb5 Re4 46. Kf3 Re1 47. Rd7+ Ke6 48. Ra7 Rc1 49. Rxa5 f5 50. Kf4 c4 51. Ke3 Rc2 52. Bc6 Kd6 53. Bf3 1-0

[Event "Hradec Kralove op"]
[Site "Hradec Kralove"]
[Date "2013.05.17"]
[Round "3"]
[White "Flasar, Jaroslav"]
[Black "Tsapanidis, Vasilis"]
[Result "1-0"]
[WhiteElo "1989"]
[BlackElo "1770"]
[PlyCount "85"]
[EventDate "2013.05.15"]
[EventType "swiss"]
[EventRounds "9"]
[EventCountry "CZE"]
[SourceTitle "CBM 154 Extra"]
[Source "ChessBase"]
[SourceDate "2013.06.25"]
[SourceVersion "2"]
[SourceVersionDate "2013.06.25"]
[SourceQuality "1"]

1. e4 d6 2. f4 Nf6 3. Nc3 Nbd7 4. Nf3 e6 5. Be2 Be7 6. 0-0 0-0 7. d4 b6 8. e5 Ne8 9. d5 Bb7 10. Bc4 exd5 11. Nxd5 dxe5 12. fxe5 Nc5 13. Nxe7+ Qxe7 14. Bg5 Qd7 15. Qxd7 Nxd7 16. e6 Nd6 17. exd7 Nxc4 18. Be7 Bxf3 19. gxf3 Ne5 20. Bxf8 Kxf8 21. Rad1 Rd8 22. f4 Nxd7 23. Rfe1 g6 24. Kf2 f5 25. Re3 c5 26. Rh3 h5 27. c4 Ke7 28. Re3+ Kf8 29. Kg3 Re8 30. Rxe8+ Kxe8 31. Rd6 Nf8 32. Rd3 Ne6 33. Ra3 h4+ 34. Kxh4 Nxf4 35. Rxa7 Ne6 36. Rb7 g5+ 37. Kg3 f4+ 38. Kg4 Nd4 39. Rxb6 Ke7 40. a4 f3 41. Kg3 g4 42. Rg6 Nf5+ 43. Kf2 1-0

[Event "Hradec Kralove op"]
[Site "Hradec Kralove"]
[Date "2012.05.13"]
[Round "2"]
[White "Rosko, Lubos"]
[Black "Flasar, Jaroslav"]
[Result "1/2-1/2"]
[WhiteElo "2321"]
[BlackElo "1961"]
[PlyCount "65"]
[EventDate "2012.05.12"]
[EventType "swiss"]
[EventRounds "9"]
[EventCountry "CZE"]
[SourceTitle "CBM 148 Extra"]
[Source "ChessBase"]
[SourceDate "2012.06.22"]
[SourceVersion "1"]
[SourceVersionDate "2012.06.22"]
[SourceQuality "1"]

1. d4 Nf6 2. c4 e6 3. Nf3 d5 4. Nc3 Be7 5. Bg5 0-0 6. e3 c6 7. Qc2 Nbd7 8. cxd5 exd5 9. Bd3 h6 10. Bh4 c5 11. dxc5 Nxc5 12. 0-0 b6 13. Rfd1 Nxd3 14. Qxd3 Bb7 15. Qb5 Qe8 16. Qb3 Rd8 17. a4 Nd7 18. Bxe7 Qxe7 19. a5 Nc5 20. Qb4 Rd6 21. Nb5 Rf6 22. Rd4 Ra8 23. Nc3 Qe6 24. Rad1 Rf5 25. Na4 Nxa4 26. Qxa4 Rc8 27. axb6 axb6 28. Rf4 Rc4 29. Qa7 Rfxf4 30. exf4 Bc8 31. Re1 Re4 32. Rxe4 dxe4 33. Ne1 1/2-1/2

[Event "Hradec Kralove op"]
[Site "Hradec Kralove"]
[Date "2012.05.12"]
[Round "1"]
[White "Flasar, Jaroslav"]
[Black "Veselsky, Jan"]
[Result "1-0"]
[WhiteElo "1961"]
[BlackElo "1719"]
[PlyCount "51"]
[EventDate "2012.05.12"]
[EventType "swiss"]
[EventRounds "9"]
[EventCountry "CZE"]
[SourceTitle "CBM 148 Extra"]
[Source "ChessBase"]
[SourceDate "2012.06.22"]
[SourceVersion "1"]
[SourceVersionDate "2012.06.22"]
[SourceQuality "1"]

1. e4 c6 2. d4 d5 3. e5 Bf5 4. Bd3 Bxd3 5. Qxd3 e6 6. f4 Nh6 7. Nf3 c5 8. c3 Nc6 9. 0-0 Be7 10. Be3 Qb6 11. Qd2 Nf5 12. Bf2 0-0 13. g4 Nh6 14. h3 Rac8 15. f5 cxd4 16. cxd4 Bb4 17. Nc3 Na5 18. f6 Rfe8 19. fxg7 Kxg7 20. Qg5+ Kh8 21. Qxh6 Rg8 22. Bh4 Bf8 23. Bf6+ Bg7 24. Ng5 Qxd4+ 25. Rf2 Qd3 26. Nxf7# 1-0

[Event "CZE-chTE U20 1112"]
[Site "Czech Republic"]
[Date "2012.04.15"]
[Round "7.2"]
[White "Langner, Jakub"]
[Black "Flasar, Jaroslav"]
[Result "1-0"]
[WhiteElo "1984"]
[BlackElo "1941"]
[PlyCount "43"]
[EventDate "2011.10.15"]
[EventType "team-tourn"]
[EventRounds "7"]
[EventCountry "CZE"]
[SourceTitle "CBM 148 Extra"]
[Source "ChessBase"]
[SourceDate "2012.06.22"]
[SourceVersion "1"]
[SourceVersionDate "2012.06.22"]
[SourceQuality "1"]
[WhiteTeam "Havirov"]
[BlackTeam "Horice"]
[WhiteTeamCountry "CZE"]
[BlackTeamCountry "CZE"]

1. e4 c5 2. Nf3 e6 3. d4 cxd4 4. Nxd4 a6 5. Bd3 Nc6 6. Be3 Nf6 7. Qe2 Be7 8. Nd2 Ne5 9. N4b3 d5 10. 0-0 0-0 11. Rad1 Nxd3 12. cxd3 a5 13. e5 Nd7 14. f4 f6 15. Nf3 fxe5 16. fxe5 Qc7 17. Rc1 Qb8 18. Bg5 Bxg5 19. Nxg5 Rxf1+ 20. Rxf1 Qxe5 21. Qh5 Nf6 22. Qf7+ 1-0

[Event "CZE-chTW U20 1112"]
[Site "Czech Republic"]
[Date "2011.11.26"]
[Round "5.2"]
[White "Lhotka, Jiri"]
[Black "Flasar, Jaroslav"]
[Result "1-0"]
[WhiteElo "1966"]
[BlackElo "1941"]
[PlyCount "73"]
[EventDate "2011.10.15"]
[EventType "team-tourn"]
[EventRounds "7"]
[EventCountry "CZE"]
[SourceTitle "EXT 2013"]
[Source "ChessBase"]
[SourceDate "2012.11.22"]
[SourceVersion "1"]
[SourceVersionDate "2012.11.22"]
[SourceQuality "1"]
[WhiteTeam "Liberec"]
[BlackTeam "Horice"]
[WhiteTeamCountry "CZE"]
[BlackTeamCountry "CZE"]

1. e4 c5 2. Nf3 e6 3. d4 cxd4 4. Nxd4 a6 5. Bd3 Nc6 6. Nxc6 bxc6 7. 0-0 d5 8. c4 Nf6 9. cxd5 cxd5 10. e5 Nd7 11. Re1 Bc5 12. Qg4 g6 13. Qe2 0-0 14. Bh6 Re8 15. Nd2 Qh4 16. Be3 Bxe3 17. Qxe3 Bb7 18. Nf3 Qb4 19. a3 Qc5 20. Qf4 Rac8 21. h4 Qe7 22. h5 Kg7 23. Nh2 Nc5 24. Ng4 g5 25. h6+ Kh8 26. Qg3 Nxd3 27. Qxd3 Rg8 28. Rac1 Qd8 29. Qd4 Rc7 30. Nf6 Re7 31. Nxg8 Qxg8 32. Qb6 Qb8 33. Rc5 d4 34. Rec1 Qf8 35. Rc7 Rxc7 36. Rxc7 Qxh6 37. Rxf7 1-0

[Event "CZE-chTW U20 1112"]
[Site "Czech Republic"]
[Date "2011.10.15"]
[Round "2.2"]
[White "Flasar, Jaroslav"]
[Black "Seidl, Stepan"]
[Result "0-1"]
[WhiteElo "1941"]
[BlackElo "2144"]
[PlyCount "82"]
[EventDate "2011.10.15"]
[EventType "team-tourn"]
[EventRounds "7"]
[EventCountry "CZE"]
[SourceTitle "EXT 2013"]
[Source "ChessBase"]
[SourceDate "2012.11.22"]
[SourceVersion "1"]
[SourceVersionDate "2012.11.22"]
[SourceQuality "1"]
[WhiteTeam "Horice"]
[BlackTeam "Polabiny"]
[WhiteTeamCountry "CZE"]
[BlackTeamCountry "CZE"]

1. e4 c5 2. Nc3 Nc6 3. f4 d6 4. d3 e6 5. g3 a6 6. Bg2 Be7 7. Nf3 Qc7 8. Be3 Nf6 9. h3 Bd7 10. a3 h6 11. Qd2 d5 12. Bf2 0-0-0 13. e5 Nh7 14. d4 c4 15. b3 cxb3 16. cxb3 Na5 17. Qb2 Qb6 18. Nd2 Bb5 19. Nxb5 axb5 20. Bf1 b4 21. axb4 Bxb4 22. Bd3 f5 23. 0-0 Rd7 24. Ra4 Rc7 25. Nb1 g5 26. Be1 Bxe1 27. Rxe1 gxf4 28. b4 Rg8 29. g4 Nc6 30. Ra8+ Nb8 31. Nd2 Ng5 32. Rea1 Nxh3+ 33. Kh2 Nf2 34. Qa2 Nxg4+ 35. Kh1 Nf2+ 36. Kh2 Rcg7 37. Bf1 Ng4+ 38. Kh1 Ne3 39. Bd3 Rg3 40. Nf3 Rxf3 41. Rxb8+ Kxb8 0-1